| 000 | 00000nam##2200000za#4500 |
| 001 | 9.567791 |
| 003 | CaOODSP |
| 005 | 20210624180941 |
| 007 | cr ||||||||||| |
| 008 | 150406|1999||||xxc|||||o f|0| 0 eng|d |
| 040 | |aCaOODSP|beng |
| 043 | |an-cn--- |
| 086 | 1 |aBT31-2/2000-III-81E-PDF |
| 110 | 1 |aCanada. |bTreasury Board. |
| 245 | 10|aAtlantic Canada Opportunities Agency, 1999-2000 estimates, part III, report on plans and priorities |h[electronic resource] |
| 260 | |bTreasury Board of Canada Secretariat |c1999. |
| 300 | |a75p.|bfig., graph, tables |
| 490 | 1 |a1999-2000 estimates. Part III, Report on plans and priorities |v1999-2000 |
| 590 | |a10-13-Supp|b2010-11-23 |
| 775 | 08|tAgence de promotion économique du Canada atlantique, budget des dépenses, 1999-2000, partie III, rapport sur les plans et les priorités |w(CaOODSP)9.599115 |
| 776 | 0#|tAtlantic Canada Opportunities Agency |w(CaOODSP)9.531702 |
| 776 | 0#|tAgence de promotion économique du Canada atlantique |w(CaOODSP)9.531703 |
| 830 | #0|a1999-2000 estimates. Part III, Report on plans and priorities ;|v1999-2000|w(CaOODSP)9.505715 |
| 856 | 40|ahttp://publications.gc.ca|qPDF|s577 KB|uhttps://publications.gc.ca/collections/Collection/BT31-2-2000-III-81E.pdf|y1999-2000 |